000
00300nam a22001217a 4500
008
170315b xxu||||| |||| 00| 0 eng d9781118700679
041
_a
eng
080
_a
611
100
_a
7
101
_a
SHM
245
_a
Q BRIEF ATLAS THE SKELETION AND SURFACE ANATOMY
_c
TORTORA.G.J
942
_2
udc
_c
BK
999
_c
7912
_d
7912